| 000 | 00485cam a2200193 4500 | ||
|---|---|---|---|
| 001 | D6556 | ||
| 008 | 090401t1969 xxu||||| |||| 00| 0 eng d | ||
| 035 | _a(Sirsi) u1451 | ||
| 041 | _aeng | ||
| 050 | _a711.026 | ||
| 100 | _aLawrance, David M | ||
| 245 | _aCompulsory purchase and compensation, with a section on Betterment Levy | ||
| 250 | _a4th | ||
| 260 |
_aLondon _bEstates Gazette _c1969 |
||
| 300 | _axxiii. 367p. 24cm | ||
| 350 | _a0 | ||
| 942 | _n0 | ||
| 948 | _c04/03/1997 | ||
| 999 |
_c85671 _d85671 |
||